[Event "FIN-chT 1718"]
[Site "Finland"]
[Date "2018.03.11"]
[Round "11.8"]
[White "Alho, Sauli"]
[Black "Wilson, Victor"]
[Result "1/2-1/2"]
[WhiteElo "2074"]
[BlackElo "1625"]
[PlyCount "116"]
[EventDate "2017.09.16"]
[EventType "team-tourn"]
[EventRounds "11"]
[EventCountry "FIN"]
[SourceTitle "EXT 2019"]
[Source "ChessBase"]
[SourceDate "2018.10.10"]
[SourceVersion "1"]
[SourceVersionDate "2018.10.10"]
[SourceQuality "1"]
[WhiteTeam "Helsinki SSK"]
[BlackTeam "Karjaa KarjUra"]
[WhiteTeamCountry "FIN"]
[BlackTeamCountry "FIN"]

1. e4 e5 2. Nf3 Nc6 3. Bb5 Nge7 4. 0-0 g6 5. c3 a6 6. Bxc6 Nxc6 7. d4 exd4 8. cxd4 Bg7 9. Bg5 f6 10. Bf4 0-0 11. Nc3 d6 12. h3 g5 13. Bg3 g4 14. hxg4 Bxg4 15. Qb3+ Kh8 16. Qxb7 Ne7 17. Nh2 Bd7 18. Qb3 f5 19. e5 Nc6 20. Nf3 f4 21. Bh4 Nxd4 22. Nxd4 Qxh4 23. Nf3 Qg4 24. Qd5 Rg8 25. Rfd1 Be6 26. Qe4 Bf5 27. Qd5 Be6 28. Qe4 Raf8 29. Nh2 Qg5 30. exd6 Bf5 31. Qf3 cxd6 32. Rxd6 Be5 33. Rxa6 Bc8 34. Ra5 Qg7 35. Rb5 Rf5 36. Ne4 Bb7 37. Re1 Rg5 38. Nxg5 Bxf3 39. Rexe5 Bc6 40. Rbc5 Be8 41. g4 fxg3 42. fxg3 Qg6 43. Re7 Qb1+ 44. Nf1 Rf8 45. Nf3 Bg6 46. Rcc7 Qxb2 47. N1d2 Qxa2 48. Kg2 Qa8 49. Ra7 Qd5 50. Rad7 Qf5 51. Rc7 Qg4 52. Rc4 Qf5 53. Rf4 Qc8 54. Rxf8+ Qxf8 55. Re5 Qd8 56. g4 Qd3 57. Kg3 Kg7 58. Ra5 Qe3 1/2-1/2

[Event "FIN-chT 1718"]
[Site "Finland"]
[Date "2017.12.03"]
[Round "6.8"]
[White "Wilson, Victor"]
[Black "Paronen, Petteri"]
[Result "1/2-1/2"]
[WhiteElo "1625"]
[BlackElo "2174"]
[PlyCount "43"]
[EventDate "2017.09.16"]
[EventType "team-tourn"]
[EventRounds "11"]
[EventCountry "FIN"]
[SourceTitle "EXT 2019"]
[Source "ChessBase"]
[SourceDate "2018.10.10"]
[SourceVersion "1"]
[SourceVersionDate "2018.10.10"]
[SourceQuality "1"]
[WhiteTeam "Karjaa KarjUra"]
[BlackTeam "Kotka KymS"]
[WhiteTeamCountry "FIN"]
[BlackTeamCountry "FIN"]

1. e4 d6 2. d4 Nf6 3. Nc3 c6 4. Be2 Qa5 5. Bd2 Qc7 6. f4 e5 7. Nf3 Bg4 8. Be3 Nbd7 9. 0-0 Be7 10. fxe5 dxe5 11. Nxe5 Nxe5 12. dxe5 Bxe2 13. Qxe2 Qxe5 14. Rf5 Qe6 15. Bd4 0-0 16. Raf1 Nd7 17. Qg4 f6 18. e5 Rf7 19. exf6 Bxf6 20. Bxf6 Rxf6 21. Ne4 Rxf5 22. Qxf5 1/2-1/2